Anaïs Doisneau, mémoire de Master 2 (Université Lyon 3), L’indécision spirituelle dans la liturgie des Quatrains de Charles Péguy, directeur : Jérôme Thélot ; rapporteur : Lionel Verdier (notice n° 1602968)
[ vue normale ]
| 000 -LEADER | |
|---|---|
| fixed length control field | 00659cam a2200145 4500500 |
| 005 - DATE AND TIME OF LATEST TRANSACTION | |
| control field | 20251228091023.0 |
| 041 ## - LANGUAGE CODE | |
| Language code of text/sound track or separate title | fre |
| 042 ## - AUTHENTICATION CODE | |
| Authentication code | dc |
| 100 10 - MAIN ENTRY--PERSONAL NAME | |
| Personal name | Faguer, Nicolas |
| Relator term | author |
| 245 00 - TITLE STATEMENT | |
| Title | Anaïs Doisneau, mémoire de Master 2 (Université Lyon 3), L’indécision spirituelle dans la liturgie des Quatrains de Charles Péguy, directeur : Jérôme Thélot ; rapporteur : Lionel Verdier |
| 260 ## - PUBLICATION, DISTRIBUTION, ETC. | |
| Date of publication, distribution, etc. | 2023.<br/> |
| 500 ## - GENERAL NOTE | |
| General note | 31 |
| 786 0# - DATA SOURCE ENTRY | |
| Note | Bulletin de l’Amitié Charles Péguy | 178 | 2 | 2023-05-07 | p. 233-236 | 0180-8567 |
| 856 41 - ELECTRONIC LOCATION AND ACCESS | |
| Uniform Resource Identifier | <a href="https://shs.cairn.info/revue-bulletin-de-lamitie-charles-peguy-2023-2-page-233?lang=fr&redirect-ssocas=7080">https://shs.cairn.info/revue-bulletin-de-lamitie-charles-peguy-2023-2-page-233?lang=fr&redirect-ssocas=7080</a> |
Pas d'exemplaire disponible.




Réseaux sociaux